Statistics for Kända länder-Huvudstäder

Click here to take the quiz!

General Stats

  • This quiz has been taken 19 times
  • The average score is 3 of 15

Answers on the Map

Answers color-coded by a green-red scale on the quiz's map according to % correct below.
 

Answer Stats

Answer% Correct
Moskva
33%
New Delhi
33%
Ankara
22%
Canberra
22%
Mexiko City
22%
Stockholm
22%
Tokyo
22%
Washington D.C
22%
Brasilia
11%
Damaskus
11%
Kiev
11%
Oslo
11%
Ottawa
11%
Paris
11%
Peking
11%

Score Distribution

Percentile by Number Answered

Percent of People with Each Score

Your Score History

You have not taken this quiz